ADMINISTRACION DE RECURSOS HUMANOS (Registro nro. 37834)
[ vista simple ]
| 000 -LEADER | |
|---|---|
| fixed length control field | 00546nam a2200193 a 4500 |
| 001 - CONTROL NUMBER | |
| control field | 37834 |
| 005 - DATE AND TIME OF LATEST TRANSACTION | |
| control field | 20180714010917.0 |
| 008 - FIXED-LENGTH DATA ELEMENTS--GENERAL INFORMATION | |
| fixed length control field | 140415s1984 mx 000 0 spa d |
| 020 ## - INTERNATIONAL STANDARD BOOK NUMBER | |
| International Standard Book Number | 9682402689 |
| 041 ## - LANGUAGE CODE | |
| Language code of text/sound track or separate title | spa |
| 082 ## - DEWEY DECIMAL CLASSIFICATION NUMBER | |
| Classification number | 658.3 |
| Item number | ARI |
| 100 1# - MAIN ENTRY--PERSONAL NAME | |
| Personal name | ARIAS GALICIA, FERNANDO |
| 245 10 - TITLE STATEMENT | |
| Title | ADMINISTRACION DE RECURSOS HUMANOS |
| 250 ## - EDITION STATEMENT | |
| Edition statement | 2a ed. |
| 260 ## - PUBLICATION, DISTRIBUTION, ETC. | |
| Place of publication, distribution, etc. | MEXICO : |
| Name of publisher, distributor, etc. | TRILLAS, |
| Date of publication, distribution, etc. | 1984 |
| 300 ## - PHYSICAL DESCRIPTION | |
| Extent | 536 |
| 490 ## - SERIES STATEMENT | |
| Series statement | BIBLIOTECA DE CIENCIAS DE LA ADMINISTRACION |
| 650 14 - SUBJECT ADDED ENTRY--TOPICAL TERM | |
| Topical term or geographic name entry element | ADMINISTRACION DE PERSONAL |
| General subdivision | RECURSOS HUMANOS |
| Withdrawn status | Lost status | Source of classification or shelving scheme | Damaged status | Not for loan | Collection code | Home library | Current library | Shelving location | Date acquired | Source of acquisition | Inventory number | Total Checkouts | Full call number | Barcode | Date last seen | Date last checked out | Price effective from | Koha item type |
|---|---|---|---|---|---|---|---|---|---|---|---|---|---|---|---|---|---|---|
| Dewey Decimal Classification | General | Biblioteca Karol Wojtyla | Biblioteca Karol Wojtyla | Sala general | 03/12/2013 | Compra | 151000000000000000022074 | 658.3 ARI | 56852 | 05/01/2026 | 16/08/2017 | 03/12/2013 | Libro |